Paroles de chansons : Butterfly - Danyel Gérard - Statistiques

Statistiques générales
  • Ce quiz a été pris 5 fois
  • Le résultat moyen est 150 sur 179
Statistiques - réponses
Paroles % Correct
Butterfly,
100%
Butterfly.
100%
Butterfly !
100%
c'
100%
ce
100%
Dans
100%
de
100%
des
100%
dis,
100%
dis
100%
j'
100%
je
100%
L'
100%
l'
100%
le
100%
m'
100%
me
100%
mois,
100%
my
100%
on
100%
100%
près
100%
Près
100%
qu'
100%
que
100%
resterai.
100%
reviendrai.
100%
toi,
100%
Tu
100%
tu
100%
un
100%
y
100%
a
75%
aime
75%
amour
75%
cœur",
75%
du
75%
elle
75%
est
75%
les
75%
"loin
75%
loin
75%
Notre
75%
oui
75%
pour
75%
tout
75%
vois
75%
yeux,
75%
avais
50%
cette
50%
encore,
50%
Malgré
50%
meilleur.
50%
oublie
50%
ciel
25%
cœurs
25%
dedans.
25%
deux
25%
embrassée.
25%
enlacée.
25%
fille
25%
grand,
25%
grand
25%
grandi.
25%
horizons,
25%
océan,
25%
petit,
25%
sais
25%
si
25%
surnommée :
25%
tiendrait
25%
Aucun quiz correspondant
Distribution des résultats
% des personnes avec chaque résultat
Percentile par nombre de réponses
Votre historique - résultats
Vous n’avez pas pris ce quiz